000 00588nam a2200217Ia 4500
005 20250508162332.0
008 008 250505s9999 xx 000 0 eng d
037 _aTextual
040 _aFEDL
_beng
_cFEDL
041 _aeng
_2eng
084 _a155, LIE
_qFEDL
100 _aliebert Robert M.
245 0 _aDevelopmental psychology
250 _a3rd
260 _aEnglewood Cliffs
_b Prentice-Hall
_c1981
300 _a655p.
650 _aDevelopmental Psychology
700 _a Nelson Rita Wicks
_9772896
942 _cTEXL
_h155, LIE
999 _c1375907
_d1375907